| 000 | 00592nam a2200169 4500 | ||
|---|---|---|---|
| 999 |
_c4278 _d4278 |
||
| 008 | 160903b xxu||||| |||| 00| 0 eng d | ||
| 022 | _a2094-8042 | ||
| 082 | _aDPer 370.105 M72 Jan-Dec 2012 v. 60-61 | ||
| 100 |
_913998 _aMartinez, Lucrecio |
||
| 243 | _aThe modern teacher | ||
| 245 |
_aTechnology: _bbreaking barriers in education, creating future schools today/ _cLucrecio Martinez. |
||
| 260 |
_aPhilippines: _bIn the Grade School, Inc., _c©2012. |
||
| 300 |
_apage 44-46; _c28 cm. |
||
| 500 | _aThe Modern Teacher | ||
| 650 | 0 |
_913999 _aEducation _xTechnology |
|
| 942 |
_2ddc _cPER |
||